La Identidad nacional mexicana como problema político y cultural : (Record no. 160678)

MARC details
000 -LEADER
fixed length control field 00811cam a2200229 4500
005 - DATE AND TIME OF LATEST TRANSACTION
control field 20220228090549.0
008 - FIXED-LENGTH DATA ELEMENTS--GENERAL INFORMATION
fixed length control field 081220s2002 mx 000 0 spa u
020 ## - INTERNATIONAL STANDARD BOOK NUMBER
International Standard Book Number 9703201997
050 04 - LIBRARY OF CONGRESS CALL NUMBER
Classification number JC311
Item number I34 2002
245 03 - TITLE STATEMENT
Title La Identidad nacional mexicana como problema político y cultural :
Remainder of title los desafíos de la pluralidad /
Statement of responsibility, etc coord. Raúl Béjar y Héctor Rosales,
250 ## - EDITION STATEMENT
Edition statement 1a ed.
260 ## - PUBLICATION, DISTRIBUTION, ETC. (IMPRINT)
Place of publication, distribution, etc México :
Name of publisher, distributor, etc Universidad Nacional Autónoma de México,
Date of publication, distribution, etc 2002
300 ## - PHYSICAL DESCRIPTION
Extent 414 p. ;
Dimensions 21 cm.
490 #0 - SERIES STATEMENT
Series statement Multidisciplina
504 ## - BIBLIOGRAPHY, ETC. NOTE
Bibliography, etc Bibliografía
650 #7 - SUBJECT ADDED ENTRY--TOPICAL TERM
Source of heading or term LEMB
Topical term or geographic name as entry element Identidad Nacional
General subdivision Discursos
650 #7 - SUBJECT ADDED ENTRY--TOPICAL TERM
Source of heading or term LEMB
Topical term or geographic name as entry element Nacionalismo
Geographic subdivision México
651 #7 - SUBJECT ADDED ENTRY--GEOGRAPHIC NAME
Source of heading or term LEMB
Geographic name México
General subdivision Política y gobierno
700 1# - ADDED ENTRY--PERSONAL NAME
Personal name Béjar, Raúl,
Relator term coord.
700 1# - ADDED ENTRY--PERSONAL NAME
Personal name Rosales, Héctor,
Relator term coord.
942 ## - ADDED ENTRY ELEMENTS (KOHA)
Source of classification or shelving scheme Biblioteca del Cogreso de los Estados Unidos
Koha item type Libro
Holdings
Estado de pérdida Fuente de clasificación Estado del daño No para préstamo Ubicación permanente Ubicación actual Apartado o colección Fecha de adquisición Edición Área del conocimiento Clasificación Código de Barras Date last seen Número de copia Tipo de recurso Fuente de adquisición Dependencia de educación superior (DES) Total Checkouts Costo por reposición
  Biblioteca del Cogreso de los Estados Unidos     Biblioteca de la Facultad de Filosofía Biblioteca de la Facultad de Filosofía General 13/05/2016 1a. ed. Educación y Humanidades JC311 I34 2002 BFF000016701 13/05/2016 C:1 Libro        
  Biblioteca del Cogreso de los Estados Unidos   Consulta Biblioteca de la Facultad de Filosofía Biblioteca de la Facultad de Filosofía Fondo "Luis Villoro" 28/02/2022 1a ed. Educación y Humanidades JC311 I34 2002 BFF000036737 28/02/2022 C:1 Libro Donación Humanidades   1.00